Carlos de Oliveira e a referência em poesia (Registo nº 201744)
[ vista simples ]
| 000 -Etiqueta do registo | |
|---|---|
| Valores | 00636nam 22002173 4500 |
| 010 ## - Número ISBN | |
| ISBN | 972-610-134-4 |
| 021 ## - Número do Depósito Legal | |
| Código do país | Portugal |
| Número | 127582/98 |
| 100 ## - Dados gerais de processamento | |
| Dados gerais | 20260413d u||y0pory50 ba |
| 200 ## - Titulo e menção de responsabilidade | |
| Título próprio | Carlos de Oliveira e a referência em poesia |
| Primeira menção de responsabilidade | Rosa Maria Martelo |
| 205 ## - Menção da edição | |
| Edição | 1ª |
| 210 ## - Publicação | |
| Local de publicação | Porto |
| Nome do editor | Campo das Letras |
| Data de publicação | 1998 |
| 215 ## - Descrição física | |
| Paginação / Volumes | 431 p. |
| Outras indicações físicas | brochado |
| Dimensões | 24 cm |
| 225 ## - Colecção | |
| Título próprio da colecção | Campo da literatura/Ensaio |
| Número de parte ou secção | 22 |
| 606 ## - Nome comum usado como assunto | |
| ID Autoridade | 3661 |
| Palavra de ordem | Crítica Literária.Estudos Literários |
| 675 ## - CDU | |
| Notação | 82.09 |
| Edição | PT |
| Língua | por |
| 700 ## - Autor principal (pessoa individual) | |
| ID Autoridade | 17104 |
| Apelido | Martelo |
| Nome | Rosa Maria |
| Datas | 1957- |
| 801 ## - Fonte de origem | |
| País | PT |
| Agência | BMMN |
| Regras de catalogação | RPC |
| 830 ## - Notas gerais do catalogador | |
| Criado por | Vanda |
| 990 ## - Elementos KOHA | |
| Tipo de documento | Livro |
| Situação do levantamento | Biblioteca de origem | Código de barras | Cota | Permissão de empréstimo | Tipo de documento | Forma de aquisição |
|---|---|---|---|---|---|---|
| Biblioteca Municipal de Montemor-o-Novo | 31109 | 82.09 MAR|DEP | Livro | Compra |